[Event "Summer Team Tournament 2020"]
[Site "Skype"]
[Date "????.??.??"]
[Round "5"]
[White "Tiberio, Pedro"]
[Black "Alvarez, Rafael"]
[Result "1-0"]
[WhiteElo "1564"]
[BlackElo "1604"]
[PlyCount "83"]

1. e4 c6 2. Nf3 d5 3. Nc3 Bg4 4. d4 e6 5. Bd3 Bb4 6. O-O Bxc3 7. bxc3 dxe4 8.
Bxe4 Nf6 9. Bd3 Qd5 10. Be2 O-O 11. h3 Bxf3 12. Bxf3 Qc4 13. Rb1 Qxa2 14. Rxb7
Qa6 15. Rb3 Nbd7 16. Ra3 Qc8 17. Bf4 Nd5 18. Bh2 N7b6 19. Qd3 a5 20. c4 Nb4 21.
Qb3 Nd7 22. c3 Na6 23. Rxa5 Nc7 24. Rxa8 Nxa8 25. Bd6 Re8 26. Ra1 h6 27. c5 Nf6
28. Ra7 Nd5 29. c4 Ndc7 30. Bxc6 Rd8 31. Bb7 Qd7 32. Bxa8 Rxa8 33. Rxa8+ Nxa8
34. Qb8+ Kh7 35. Qxa8 f5 36. Be5 f4 37. c6 Qf7 38. c7 Qf5 39. c8=Q Qg5 40. Qg8+
Kg6 41. Qxe6+ Kh5 42. Qf3+ 1-0

[Event "Summer Team Tournament 2020"]
[Site "Skype"]
[Date "????.??.??"]
[Round "5"]
[White "Chavero, Victor"]
[Black "Silva, Givson"]
[Result "0-1"]
[WhiteElo "1448"]
[BlackElo "1403"]
[PlyCount "66"]

1. d4 e5 2. dxe5 Qe7 3. f4 d6 4. e4 dxe5 5. Nf3 Nf6 6. Nc3 Nc6 7. fxe5 Nxe5 8.
Bf4 Ng6 9. Bg5 h6 10. Be3 Nxe4 11. Nd5 Qd8 12. Qd3 Nf6 13. Nxf6+ Qxf6 14. O-O-O
Be7 15. Kb1 O-O 16. Qb3 Be6 17. Bc4 Bxc4 18. Qxc4 c5 19. Rhe1 Rad8 20. Qe4
Rxd1+ 21. Rxd1 b6 22. Bf2 Rd8 23. Re1 Bd6 24. c3 Bxh2 25. g3 Ne5 26. Bd4 cxd4
27. Nxh2 dxc3 28. Rf1 Qe6 29. Re1 Rd2 30. Ka1 cxb2+ 31. Kb1 Nc4 32. Re3 Qxe4+
33. Rxe4 Na3# 0-1

[Event "Summer Team Tournament 2020"]
[Site "Skype"]
[Date "????.??.??"]
[Round "5"]
[White "Aroucha, Abraao"]
[Black "Felippe e Silva, Glenda"]
[Result "0-1"]
[WhiteElo "1376"]
[BlackElo "1308"]
[PlyCount "94"]

1. e4 c6 2. Nf3 d5 3. Nc3 Bg4 4. h3 Bxf3 5. Qxf3 dxe4 6. Nxe4 e6 7. a4 Nf6 8.
Nxf6+ Qxf6 9. Qxf6 gxf6 10. d4 f5 11. Bf4 Nd7 12. Bd3 Rg8 13. O-O Nf6 14. Bh2
Rd8 15. c3 Bd6 16. Bxd6 Rxd6 17. f4 Ne4 18. Rad1 Nf6 19. Rfe1 Nd5 20. Kh2 Nxf4
21. Rd2 Nxd3 22. Rxd3 f6 23. Rf3 Kf7 24. Re2 Rg5 25. h4 Rg4 26. g3 Rd5 27. b4
a6 28. Kh3 Re4 29. Ree3 Rxe3 30. Rxe3 e5 31. Rd3 e4 32. Re3 h5 33. Kg2 Rd8 34.
Kf2 Rg8 35. Re1 Ke6 36. Rg1 Kd5 37. Ke2 Rg4 38. Kf2 Kc4 39. Rc1 f4 40. gxf4
Rxf4+ 41. Kg3 Rf3+ 42. Kg2 Rxc3 43. Rxc3+ Kxc3 44. Kg3 Kxd4 45. Kf4 e3 46. Kf3
Kd3 47. a5 e2 0-1

[Event "Summer Team Tournament 2020"]
[Site "Skype"]
[Date "????.??.??"]
[Round "5"]
[White "Meza, Rafael"]
[Black "Martins, Douglas"]
[Result "1-0"]
[WhiteElo "1000"]
[BlackElo "1000"]
[PlyCount "65"]

1. c4 e5 2. Nc3 Nf6 3. Nf3 d6 4. d4 Nbd7 5. Bg5 c6 6. Qc2 Qa5 7. Bh4 exd4 8.
Nxd4 g6 9. e4 Bg7 10. Be2 O-O 11. Nb3 Qc7 12. Rd1 a5 13. Bg3 Ne8 14. O-O Ndf6
15. c5 a4 16. Nc1 Bg4 17. cxd6 Qd7 18. Nxa4 Rxa4 19. Qxa4 Bxe2 20. Nxe2 Nh5 21.
Qb3 Nxg3 22. Qxg3 Nf6 23. Nc3 Re8 24. Rfe1 Nh5 25. Qd3 Re5 26. Qh3 Qd8 27. d7
Nf4 28. Qf3 Ne6 29. Qe3 f5 30. Qa7 f4 31. Qxb7 Rg5 32. Qxc6 Qe7 33. Qxe6+ 1-0

[Event "Summer Team Tournament 2020"]
[Site "Skype"]
[Date "????.??.??"]
[Round "5"]
[White "Bagayatkar, Madan"]
[Black "Khunte, Aniruddha"]
[Result "0-1"]
[WhiteElo "1443"]
[BlackElo "1652"]
[PlyCount "100"]

1. e4 c6 2. Nf3 d5 3. exd5 cxd5 4. d4 Bf5 5. Be2 e6 6. O-O Nf6 7. c3 Bd6 8.
Nbd2 Nbd7 9. c4 O-O 10. cxd5 Nxd5 11. Nb3 Rc8 12. Be3 Nb4 13. Bd2 Bc2 14. Qe1
Nd3 15. Bxd3 Bxd3 16. Bc3 Nf6 17. Rd1 Bxf1 18. Qxf1 Re8 19. h3 Qc7 20. Qd3 Qc4
21. Qc2 Bb4 22. Nbd2 Qc6 23. Ne5 Qc7 24. Ne4 Nxe4 25. Qxe4 Bxc3 26. bxc3 Qxc3
27. Rd3 Qa1+ 28. Kh2 Qxa2 29. Rg3 Qd5 30. Qf4 f6 31. Qxf6 Rc7 32. Qh4 Rf8 33.
Ng4 Qd8 34. Qh5 Qxd4 35. Qa5 Rc2 36. Qa3 Qc5 37. Qd3 Qc7 38. Qe4 Qc4 39. Qxb7
Qc7 40. Qe4 Kh8 41. Qxe6 a5 42. Qa6 h5 43. Ne3 Rcxf2 44. Qg6 h4 45. Qh5+ Kg8
46. Qxh4 R8f3 47. Ng4 Rxg3 48. Nxf2 Rg4+ 49. Qg3 Qxg3+ 50. Kh1 Qxg2# 0-1

[Event "Summer Team Tournament 2020"]
[Site "Skype"]
[Date "????.??.??"]
[Round "5"]
[White "Ram, Madhukesh"]
[Black "Navghane, Rahul"]
[Result "1-0"]
[WhiteElo "1523"]
[BlackElo "1527"]
[PlyCount "129"]

1. e4 e5 2. Nf3 Nc6 3. d4 exd4 4. Nxd4 Bc5 5. Nxc6 Qf6 6. Qe2 Qxc6 7. Nc3 Ne7
8. Bf4 Ng6 9. Bg3 O-O 10. Qb5 Qxb5 11. Bxb5 c6 12. Bd3 Bd4 13. O-O Ne5 14. Rfe1
Bxc3 15. bxc3 d6 16. Rab1 b6 17. f4 Ng4 18. h3 Nf6 19. e5 dxe5 20. Rxe5 Be6 21.
a4 Nd7 22. Re2 Nc5 23. f5 Bd7 24. Bd6 Nxa4 25. Re7 Bc8 26. Rbe1 h6 27. Rc7 Rd8
28. Rxc6 Bd7 29. Rc7 Bxf5 30. Be7 Rd7 31. Rxd7 Bxd7 32. Bb4 a5 33. Re7 Be8 34.
Be4 Rd8 35. Bd6 Nxc3 36. Bc7 Rd1+ 37. Kh2 Kf8 38. Re5 f6 39. Re6 Kf7 40. Bf5
Bd7 41. Re3 Nd5 42. Bxd7 Nxe3 43. Ba4 Nf1+ 44. Kg1 Ra1 45. Bb5 Ne3+ 46. Kh2
Nxc2 47. Bxb6 a4 48. Bc4+ Ke7 49. Ba5 a3 50. Bc3 Rb1 51. Ba2 Rc1 52. Bd2 Rd1
53. Bc3 Rd7 54. Bb3 Ne3 55. Bb4+ Kd8 56. Ba5+ Kc8 57. Be6 a2 58. Bxa2 Kb7 59.
Be6 Rd6 60. Bb3 g5 61. Be1 h5 62. Bf2 Nf1+ 63. Kg1 Nd2 64. Ba4 Rd4 65. Bxd4 1-0

[Event "Summer Team Tournament 2020"]
[Site "Skype"]
[Date "????.??.??"]
[Round "5"]
[White "Mhabdi, Mahesh"]
[Black "Mishra, Vikash"]
[Result "1-0"]
[WhiteElo "1296"]
[BlackElo "1214"]
[PlyCount "47"]

1. e4 c5 2. c4 Nc6 3. Nf3 e6 4. d4 cxd4 5. Nxd4 Nf6 6. Nxc6 bxc6 7. Bg5 Be7 8.
Bd3 d5 9. e5 Nd7 10. Bxe7 Qxe7 11. f4 dxc4 12. Bxc4 Qb4+ 13. Nd2 Qxb2 14. Rb1
Qd4 15. Qf3 O-O 16. Qxc6 Rb8 17. Rxb8 Nxb8 18. Qb5 Bd7 19. Qb7 Qxf4 20. Qxa7
Qxe5+ 21. Be2 Bb5 22. Qf2 Rc8 23. O-O Qxe2 24. Qxf7+ 1-0

[Event "Summer Team Tournament 2020"]
[Site "Skype"]
[Date "????.??.??"]
[Round "5"]
[White "Maalik, Aakash"]
[Black "Tupe, Jyoti"]
[Result "1-0"]
[WhiteElo "1000"]
[BlackElo "1048"]
[PlyCount "87"]

1. d4 d5 2. Bf4 Bf5 3. e3 Nc6 4. Be2 e6 5. Nd2 Be7 6. Ngf3 h6 7. c3 g5 8. Bg3
g4 9. Ne5 Nxe5 10. dxe5 h5 11. h3 Rh7 12. hxg4 hxg4 13. Rxh7 Bxh7 14. Bxg4 Bh4
15. Bh2 Nh6 16. Qe2 Bf5 17. Bh5 Qd7 18. Bf4 Ng8 19. O-O-O O-O-O 20. Rh1 Qe7 21.
Nf3 Bf6 22. exf6 Nxf6 23. Bg5 Rh8 24. Ne5 Rh7 25. g4 Bg6 26. Rh4 Kb8 27. Bxf6
Qd6 28. Qf3 a6 29. Qf4 a5 30. Nxg6 Qa6 31. Nf8 Rxh5 32. gxh5 Qf1+ 33. Kc2 Qe2+
34. Kb3 Qb5+ 35. Ka3 Qc5+ 36. Kb3 Qxf8 37. h6 Qc5 38. Rh1 b5 39. Kc2 b4 40. h7
Kb7 41. h8=Q b3+ 42. Kxb3 Qb5+ 43. Kc2 Qe2+ 44. Kc1 1-0

[Event "Summer Team Tournament 2020"]
[Site "Skype"]
[Date "????.??.??"]
[Round "5"]
[White "Saponara, Jose Maria"]
[Black "Diaz, Jose Garcia"]
[Result "0-1"]
[WhiteElo "1714"]
[BlackElo "1860"]
[PlyCount "52"]

1. e4 c5 2. Nc3 d6 3. g3 e5 4. Bg2 Nf6 5. Nge2 Be7 6. d3 O-O 7. h3 Bd7 8. Be3
b5 9. a3 Nc6 10. Qd2 Nd4 11. f4 Rc8 12. g4 h6 13. Ng3 exf4 14. Bxf4 b4 15. Nce2
b3 16. Nxd4 cxd4 17. cxb3 Nh7 18. Ne2 Bh4+ 19. Kd1 Qb6 20. Qb4 Qa6 21. Kd2 Ng5
22. Rhc1 Ne6 23. Rxc8 Rxc8 24. Rf1 Nc5 25. Rf3 Bb5 26. Qxd4 Nxb3+ 0-1

[Event "Summer Team Tournament 2020"]
[Site "Skype"]
[Date "????.??.??"]
[Round "5"]
[White "Rodriguez Gonzalez, Jaime Rafael"]
[Black "Carballo, Jorge"]
[Result "0-1"]
[WhiteElo "1473"]
[BlackElo "1594"]
[PlyCount "136"]

1. e4 e5 2. Nf3 Nc6 3. Bc4 Be7 4. Nc3 Nf6 5. d3 d6 6. h3 O-O 7. O-O Be6 8. Nd5
Na5 9. Nh2 Nxc4 10. dxc4 Nxe4 11. Nxe7+ Qxe7 12. b3 c6 13. Qe2 d5 14. a4 Bf5
15. Nf3 dxc4 16. Qxc4 Qc5 17. Qxc5 Nxc5 18. Ba3 b6 19. Rac1 Rfe8 20. Bxc5 bxc5
21. Rfe1 f6 22. Nd2 Rad8 23. Ne4 Bxe4 24. Rxe4 Rd4 25. Re3 Red8 26. Rc3 Rd1+
27. Rxd1 Rxd1+ 28. Kh2 Rd5 29. Kg3 a5 30. Kf3 f5 31. Rc4 g5 32. Ke2 Kf7 33. Rc3
Ke6 34. g3 h6 35. f3 f4 36. g4 Rd6 37. Rc4 Rd4 38. Rc3 Kd5 39. Rd3 e4 40. fxe4+
Kxe4 41. Rc3 Kd5 42. Rf3 Re4+ 43. Kd2 c4 44. b4 c3+ 45. Kxc3 Rxb4 46. Rd3+ Ke4
47. Rd6 Rxa4 48. Rxh6 Ra3+ 49. Kb2 Rg3 50. Rh5 f3 51. Rxg5 Rxh3 52. Rxa5 f2 53.
Ra4+ Kf3 54. Ra1 Rg3 55. Ra3+ Kg2 56. Ra1 Rxg4 57. Kb3 Re4 58. c4 Re1 59. Ra2
Kg1 60. Ra7 f1=Q 61. Rg7+ Kh2 62. Rh7+ Kg3 63. Rg7+ Kh4 64. Rh7+ Kg5 65. Kb4
Rc1 66. Ka5 Qxc4 67. Kb6 Qb5+ 68. Kc7 Rb1 0-1

[Event "Summer Team Tournament 2020"]
[Site "Skype"]
[Date "????.??.??"]
[Round "5"]
[White "De Nobrega, George"]
[Black "Munoz Gonzalez, Martin"]
[Result "0-1"]
[WhiteElo "1311"]
[BlackElo "1393"]
[PlyCount "44"]

1. e4 c5 2. Nf3 g6 3. d4 Bg7 4. dxc5 Qa5+ 5. Nc3 Bxc3+ 6. bxc3 Nf6 7. Qd3 Nxe4
8. Bb2 Nxc5 9. Qb5 Qxb5 10. Bxb5 Nc6 11. O-O a6 12. Be2 Na4 13. Rab1 Nxb2 14.
Rxb2 d6 15. h3 b5 16. c4 b4 17. Rxb4 Nxb4 18. Rb1 a5 19. c3 Nxa2 20. Rb3 Nc1
21. Rb2 Nxe2+ 22. Rxe2 a4 0-1

[Event "Summer Team Tournament 2020"]
[Site "Skype"]
[Date "????.??.??"]
[Round "5"]
[White "Linares Vernet, Ana"]
[Black "Delgado, Brian"]
[Result "0-1"]
[WhiteElo "1175"]
[BlackElo "1000"]
[PlyCount "32"]

1. d4 e6 2. Nf3 d5 3. e3 Nf6 4. c4 c6 5. Nc3 Bd6 6. Bd3 Nbd7 7. O-O e5 8. dxe5
Nxe5 9. Nxe5 Bxe5 10. cxd5 Ng4 11. g3 Qg5 12. Be2 h5 13. Ne4 Qh6 14. f3 h4 15.
fxg4 hxg3 16. Nxg3 Qxh2# 0-1

[Event "Summer Team Tournament 2020"]
[Site "Skype"]
[Date "????.??.??"]
[Round "5"]
[White "Lopez, Jose Luis"]
[Black "Esmeralda Sanchez Ruiz, Piedad"]
[Result "1-0"]
[WhiteElo "1951"]
[BlackElo "1721"]
[PlyCount "49"]

1. e4 c5 2. Nc3 e6 3. f4 d5 4. Bb5+ Bd7 5. exd5 Bxb5 6. Nxb5 exd5 7. Qe2+ Ne7
8. Nf3 Nbc6 9. Ne5 g6 10. Nxc6 bxc6 11. Qe5 cxb5 12. Qxh8 Nc6 13. O-O Qh4 14.
a4 b4 15. d3 O-O-O 16. Be3 h5 17. c3 bxc3 18. bxc3 Qe7 19. Rae1 Qd6 20. Qh7 f5
21. Rf3 Qf6 22. Rg3 Ne7 23. Bxc5 Qxc3 24. Bf2 Qd2 25. Rge3 1-0

[Event "Summer Team Tournament 2020"]
[Site "Skype"]
[Date "????.??.??"]
[Round "5"]
[White "Sanchez Ruiz, Justo"]
[Black "Cayo, Ana Carolina"]
[Result "1/2-1/2"]
[WhiteElo "1547"]
[BlackElo "1410"]
[PlyCount "99"]

1. e4 c6 2. d4 d5 3. e5 Bf5 4. h4 h6 5. g4 Bh7 6. h5 e6 7. f4 Nd7 8. Bd3 Bxd3
9. Qxd3 c5 10. c3 Qb6 11. Nf3 Ne7 12. Kf2 Nc6 13. Kg3 Rc8 14. a3 Be7 15. b4
cxd4 16. cxd4 a5 17. b5 Na7 18. a4 Bb4 19. Ba3 O-O 20. Qb3 Rc4 21. Bxb4 Rxb4
22. Qd3 Rc8 23. Nbd2 Qd8 24. Rhb1 Rxb1 25. Rxb1 Nb6 26. Ra1 Qc7 27. Ra3 Qc2 28.
Ne1 Qxd3+ 29. Nxd3 Nc4 30. Ra2 Nxd2 31. Rxd2 Rc3 32. Kf2 Ra3 33. f5 Rxa4 34.
Nf4 Nxb5 35. fxe6 fxe6 36. Nxe6 Kf7 37. Nd8+ Ke7 38. Nxb7 Rxd4 39. Rxd4 Nxd4
40. Nxa5 Ke6 41. Ke3 Kxe5 42. Nb7 Nc6 43. Nc5 d4+ 44. Kd3 Kd5 45. Na6 Ne5+ 46.
Kd2 Nxg4 47. Nc7+ Ke5 48. Ne8 Nf6 49. Nxg7 Nxh5 50. Nxh5 1/2-1/2

[Event "Summer Team Tournament 2020"]
[Site "Skype"]
[Date "????.??.??"]
[Round "5"]
[White "Nobile, Mauro"]
[Black "Alarcon Alarcon, Florentina"]
[Result "1-0"]
[WhiteElo "1000"]
[BlackElo "1363"]
[PlyCount "73"]

1. e4 e5 2. Nf3 Nc6 3. Bb5 a6 4. Ba4 Nf6 5. O-O Be7 6. d3 b5 7. Bb3 O-O 8. c3
d6 9. d4 Bg4 10. d5 Na5 11. Bc2 h6 12. Nbd2 Qd7 13. b4 Nb7 14. Re1 c5 15. Nf1
cxb4 16. cxb4 Rfc8 17. Ne3 Bh5 18. Nf5 Bf8 19. Bd3 Bg6 20. N3h4 Qd8 21. Qf3
Bxf5 22. Nxf5 Nh7 23. Qg3 Kh8 24. Qh3 Qf6 25. Re3 Ng5 26. Qg4 Qg6 27. Rg3 f6
28. h4 h5 29. Qe2 Rxc1+ 30. Rxc1 Nd8 31. hxg5 fxg5 32. Qe3 Nf7 33. Qb6 g4 34.
Qb7 Qg5 35. Rc7 Qd8 36. Rxf7 Rc8 37. Rxg7 1-0

[Event "Summer Team Tournament 2020"]
[Site "Skype"]
[Date "????.??.??"]
[Round "5"]
[White "Alarcon Alarcon, Marina"]
[Black "Llabres, Sergio"]
[Result "1/2-1/2"]
[WhiteElo "1198"]
[BlackElo "1000"]
[PlyCount "72"]

1. e4 e6 2. d4 d5 3. e5 c5 4. Bb5+ Nc6 5. Nf3 Qb6 6. Bxc6+ bxc6 7. O-O cxd4 8.
Nxd4 c5 9. Nf3 Ne7 10. b3 Nc6 11. Nc3 a6 12. a3 Qc7 13. Re1 Be7 14. Bf4 O-O 15.
Qd3 Re8 16. Rad1 Bf8 17. Ng5 g6 18. Bg3 Bg7 19. Nf3 Ne7 20. Ne2 Nf5 21. Bf4 Bb7
22. c3 Rad8 23. Qb1 Ba8 24. Ng3 Nxg3 25. Bxg3 c4 26. b4 Rb8 27. Qc1 Qd8 28. Bf4
Qe7 29. Bg5 Qf8 30. h3 Bc6 31. Bf6 Ra8 32. Nd4 Bd7 33. Nf3 Bh6 34. Bg5 Bg7 35.
Bf6 Bh6 36. Bg5 Bg7 1/2-1/2

[Event "Summer Team Tournament 2020"]
[Site "Skype"]
[Date "????.??.??"]
[Round "5"]
[White "Rico, Edgar"]
[Black "Rajpurohit, Dinesh"]
[Result "1/2-1/2"]
[WhiteElo "1882"]
[BlackElo "1613"]
[PlyCount "62"]

1. d4 Nf6 2. c4 g6 3. Nc3 Bg7 4. e4 d6 5. f4 Nbd7 6. Nf3 O-O 7. Bd3 e5 8. fxe5
dxe5 9. d5 Nc5 10. Bc2 Bg4 11. Be3 Ncd7 12. O-O Nh5 13. h3 Bxf3 14. Qxf3 a6 15.
Rad1 Rc8 16. g4 Nf4 17. Ne2 Qh4 18. Nxf4 exf4 19. Bxf4 Be5 20. Kg2 Bxb2 21. Rb1
Be5 22. Rxb7 Nc5 23. Rbb1 Qe7 24. Bxe5 Qxe5 25. Qe3 Nd7 26. Rfe1 Nb6 27. Qd3
Nd7 28. Qa3 Nf6 29. Qf3 Rce8 30. Rb7 Rb8 31. Rbb1 Rbd8 1/2-1/2

[Event "Summer Team Tournament 2020"]
[Site "Skype"]
[Date "????.??.??"]
[Round "5"]
[White "Trivedi, Viral"]
[Black "Castillo, Jesus"]
[Result "1-0"]
[WhiteElo "1535"]
[BlackElo "1568"]
[PlyCount "79"]

1. d4 Nf6 2. Bf4 d5 3. Be3 e6 4. Nf3 Bb4+ 5. c3 Ba5 6. Nbd2 O-O 7. Bg5 Nbd7 8.
e3 c5 9. Bd3 cxd4 10. exd4 Re8 11. Ne5 Bc7 12. Ndf3 Bd6 13. Rc1 Qb6 14. Qc2 Qc7
15. Nxd7 Nxd7 16. Bxh7+ Kf8 17. Bd3 e5 18. dxe5 Nxe5 19. Nxe5 Bxe5 20. Be3 d4
21. cxd4 Qxc2 22. Bxc2 Bxd4 23. O-O Bxb2 24. Rce1 Bc3 25. Bc5+ Re7 26. Rxe7 Bd4
27. Rfe1 Be6 28. R7xe6+ Bxc5 29. R6e4 Rc8 30. Bb3 Bb6 31. Rc4 Rd8 32. h3 g6 33.
Rec1 Rd2 34. R4c2 Bxf2+ 35. Kf1 Be3 36. Rxd2 Bxd2 37. Rc8+ Kg7 38. Rc7 Bf4 39.
Rxf7+ Kh6 40. Rxf4 1-0

[Event "Summer Team Tournament 2020"]
[Site "Skype"]
[Date "????.??.??"]
[Round "5"]
[White "Sanchez, Armando"]
[Black "Solanki, Pragnesh"]
[Result "0-1"]
[WhiteElo "1321"]
[BlackElo "1239"]
[PlyCount "80"]

1. e4 e6 2. Nf3 c5 3. c3 Nf6 4. e5 Nd5 5. d4 Nc6 6. c4 Ndb4 7. a3 Qa5 8. Bd2
cxd4 9. Qb3 d3 10. Bxd3 Nxd3+ 11. Qxd3 Nxe5 12. Qe4 Nxf3+ 13. Qxf3 Qe5+ 14. Qe3
Qxb2 15. Bc3 Qb6 16. Bd4 Qc7 17. Nd2 Bd6 18. g3 e5 19. c5 O-O 20. cxd6 exd4 21.
dxc7 dxe3 22. fxe3 Re8 23. Kf2 b6 24. Nc4 Re6 25. Nb2 Ba6 26. Rac1 Rf6+ 27. Ke1
Rc6 28. Rxc6 dxc6 29. Kf2 Rc8 30. Rd1 Kf8 31. Rd8+ Ke7 32. Rh8 Rxh8 33. Nd1 Kd7
34. Nc3 Kxc7 35. Ne4 Rd8 36. Kf3 Bb7 37. Kf4 c5 38. Ng5 h6 39. Ne4 Bxe4 40.
Kxe4 c4 0-1

[Event "Summer Team Tournament 2020"]
[Site "Skype"]
[Date "????.??.??"]
[Round "5"]
[White "Rathi, Himanshi"]
[Black "Gomez, Jorge"]
[Result "0-1"]
[WhiteElo "1177"]
[BlackElo "1000"]
[PlyCount "38"]

1. d4 d5 2. Bf4 a6 3. e3 e6 4. c3 h6 5. h3 Nf6 6. Nf3 g5 7. Bg3 Bg7 8. Nbd2 Bd7
9. Ne5 Bb5 10. Qb3 c6 11. Ndf3 Ne4 12. Bh2 Nd7 13. Qc2 Nd6 14. Nxc6 bxc6 15.
Bxd6 Bxf1 16. Kxf1 a5 17. Bg3 f5 18. Rb1 a4 19. Qxf5 exf5 0-1

[Event "Summer Team Tournament 2020"]
[Site "Skype"]
[Date "????.??.??"]
[Round "5"]
[White "Benson, Paul"]
[Black "Telles, Rigoberto"]
[Result "1-0"]
[WhiteElo "2080"]
[BlackElo "1307"]
[PlyCount "31"]

1. e4 e5 2. Nf3 Nc6 3. d4 exd4 4. Nxd4 g6 5. Nxc6 bxc6 6. Bd3 d5 7. exd5 Qxd5
8. O-O Bg7 9. Re1+ Ne7 10. Nc3 Qd8 11. Qe2 Be6 12. Bc4 Bxc4 13. Qxc4 O-O 14.
Bg5 Re8 15. Rad1 Qd7 16. Rxd7 1-0

[Event "Summer Team Tournament 2020"]
[Site "Skype"]
[Date "????.??.??"]
[Round "5"]
[White "Suazo, Olvin"]
[Black "Gharbi, Said"]
[Result "1/2-1/2"]
[WhiteElo "1000"]
[BlackElo "1578"]
[PlyCount "113"]

1. e4 e5 2. Nf3 Nc6 3. Bb5 Nd4 4. Nxd4 exd4 5. c3 Bc5 6. cxd4 Bxd4 7. Bc4 Qf6
8. Qf3 Qxf3 9. gxf3 Nf6 10. Na3 a6 11. Nc2 Bb6 12. d4 d6 13. Bg5 Nh5 14. Nb4
Bxd4 15. Nd5 Kd7 16. O-O c6 17. Nc3 Kc7 18. Bxf7 g6 19. Bb3 Bh3 20. Rfd1 Be5
21. Be3 Rhf8 22. Rd3 Nf4 23. Rdd1 Ne2+ 24. Nxe2 Rxf3 25. Rd3 Rff8 26. Rb1 Rae8
27. Bh6 Bxh2+ 28. Kxh2 Rxf2+ 29. Kxh3 Rxe2 30. Bf4 R2xe4 31. Bxd6+ Kb6 32. Bg3
g5 33. Bf7 g4+ 34. Kh4 Rf8 35. Rd7 Rh8 36. Rc1 Ra4 37. b3 Ra5 38. b4 Rf5 39.
Be6 Rf6 40. Bc7+ Ka7 41. Be5 Rh6+ 42. Kg3 Re8 43. Rd6 Rhxe6 44. Rxe6 Rxe6 45.
Bf4 h5 46. Rc5 h4+ 47. Kxg4 Re4 48. Rh5 Rxb4 49. Rxh4 c5 50. Rh3 Kb6 51. Rb3
Rxb3 52. axb3 Kb5 53. Bd2 a5 54. Kf3 c4 55. bxc4+ Kxc4 56. Bxa5 Kb5 57. Bd8
1/2-1/2

[Event "Summer Team Tournament 2020"]
[Site "Skype"]
[Date "????.??.??"]
[Round "5"]
[White "De Coninck, Philippe"]
[Black "Mora, Carlos Alberto"]
[Result "0-1"]
[WhiteElo "1335"]
[BlackElo "1000"]
[PlyCount "66"]

1. e4 e6 2. d4 d5 3. e5 Bd7 4. Nf3 c5 5. c3 cxd4 6. cxd4 Bb4+ 7. Bd2 Bxd2+ 8.
Nbxd2 Ne7 9. Bd3 h6 10. O-O O-O 11. Rc1 Nbc6 12. a3 a5 13. Qc2 Rc8 14. Qb3 a4
15. Qxa4 Nxe5 16. Rxc8 Qxc8 17. Bb5 Bxb5 18. Qxb5 Nxf3+ 19. Nxf3 Qc7 20. Re1
Rc8 21. Ne5 Nf5 22. Qb4 Qe7 23. Qxe7 Nxe7 24. g4 Rc2 25. Nd3 Nc6 26. Rc1 Rd2
27. Nc5 Nxd4 28. Kg2 Rxb2 29. Nd3 Rb3 30. Nf4 Nc6 31. Ra1 d4 32. a4 g5 33. Ne2
f6 0-1

[Event "Summer Team Tournament 2020"]
[Site "Skype"]
[Date "????.??.??"]
[Round "5"]
[White "Urda, Carlos Mario"]
[Black "Bucherie, Volcy"]
[Result "1-0"]
[WhiteElo "1000"]
[BlackElo "1172"]
[PlyCount "51"]

1. e4 e5 2. Bc4 Bc5 3. Qh5 g6 4. Qxe5+ Qe7 5. Qxh8 Qxe4+ 6. Be2 Qxg2 7. Qxg8+
Ke7 8. Kd1 Qxh1 9. d4 Qxg1+ 10. Kd2 Qg5+ 11. Kd1 Qg1+ 12. Kd2 Qg5+ 13. Kc3
Bxd4+ 14. Kxd4 c5+ 15. Kc3 Qf6+ 16. Kd2 Nc6 17. Nc3 Qd4+ 18. Ke1 Nb4 19. Bg5+
Ke6 20. Qe8+ Kf5 21. Bd3+ Nxd3+ 22. cxd3 Qxd3 23. Qe7 Qc2 24. Qf6+ Kg4 25. Qf4+
Kh3 26. Qg3# 1-0

[Event "Summer Team Tournament 2020"]
[Site "Skype"]
[Date "????.??.??"]
[Round "5"]
[White "Caputi, Giuliano"]
[Black "Thevenet, Yann"]
[Result "0-1"]
[WhiteElo "1793"]
[BlackElo "1986"]
[PlyCount "52"]

1. e4 e5 2. Nf3 Nc6 3. Bb5 a6 4. Bxc6 dxc6 5. O-O Bg4 6. h3 h5 7. d3 Qf6 8.
Nbd2 Bc5 9. Nc4 Bxf3 10. Qxf3 Qxf3 11. gxf3 f6 12. Be3 Be7 13. f4 exf4 14. Bxf4
O-O-O 15. Be3 g5 16. Kg2 Nh6 17. Rh1 f5 18. f3 Rhg8 19. Rad1 Rdf8 20. Rdf1 c5
21. a4 Rf6 22. b3 f4 23. Bc1 g4 24. fxg4 hxg4 25. Rxf4 gxh3+ 26. Kxh3 Rfg6 0-1

[Event "Summer Team Tournament 2020"]
[Site "Skype"]
[Date "????.??.??"]
[Round "5"]
[White "Kruk, Clementine"]
[Black "Ramirez Reina, Orlando"]
[Result "0-1"]
[WhiteElo "1548"]
[BlackElo "1497"]
[PlyCount "54"]

1. e4 e5 2. Nf3 Nc6 3. Bc4 Bc5 4. c3 Nf6 5. d4 exd4 6. e5 d5 7. exd6 Qxd6 8.
O-O O-O 9. Re1 Bg4 10. Qd3 Rad8 11. Bg5 Bh5 12. Bxf6 Qxf6 13. Qe4 Bg6 14. Qe2
d3 15. Qd2 Rd6 16. Na3 a6 17. b4 Ba7 18. b5 Na5 19. Ne5 Nxc4 20. Naxc4 Rdd8 21.
bxa6 bxa6 22. Nxg6 Qxg6 23. Ne5 Qd6 24. Rad1 f6 25. Nxd3 Rfe8 26. Rxe8+ Rxe8
27. Nb4 Qxd2 0-1

[Event "Summer Team Tournament 2020"]
[Site "Skype"]
[Date "????.??.??"]
[Round "5"]
[White "Crocioni, Luca"]
[Black "Duthoit, Bernard"]
[Result "1-0"]
[WhiteElo "1332"]
[BlackElo "1334"]
[PlyCount "61"]

1. Nf3 e6 2. e4 d5 3. e5 c5 4. b3 Nc6 5. d4 cxd4 6. Nxd4 Nxe5 7. Bf4 Bd6 8.
Bb5+ Bd7 9. Qe2 Bxb5 10. Nxb5 Qa5+ 11. N5c3 f6 12. O-O Ne7 13. Nb5 Qb6 14. N1c3
O-O 15. Na4 Qd8 16. Nxd6 Qxd6 17. Rad1 N7g6 18. Bg3 h5 19. Qxh5 Kf7 20. c4 Rh8
21. Qe2 Qc7 22. f4 Nxf4 23. Bxf4 g5 24. Bxg5 Nf3+ 25. Rxf3 Rxh2 26. Rxf6+ Kg7
27. Rxe6 Qg3 28. Re7+ Kg6 29. Rxd5 Rah8 30. Qe6+ Kh5 31. Bf4+ 1-0

[Event "Summer Team Tournament 2020"]
[Site "Skype"]
[Date "????.??.??"]
[Round "5"]
[White "Taillandier, Vivien"]
[Black "Tolaro, Filippa"]
[Result "1/2-1/2"]
[WhiteElo "1000"]
[BlackElo "1000"]
[PlyCount "112"]

1. e4 c6 2. d4 d5 3. Nc3 dxe4 4. Nxe4 Bf5 5. Ng3 Bg6 6. Nf3 e6 7. Bf4 Nd7 8.
Bc4 c5 9. c3 Qb6 10. Qa4 Bd6 11. Bxd6 Qxd6 12. Ne5 Ngf6 13. O-O cxd4 14. cxd4
Qxd4 15. Rfe1 O-O 16. Nxg6 hxg6 17. Ne2 Qxb2 18. Nf4 Nb6 19. Qa5 Nxc4 20. Qc7
Rac8 21. Qe7 Rfe8 22. Qxe8+ Nxe8 23. Nd3 Qc3 24. Red1 Nb2 25. Rdc1 Qxd3 26.
Rxc8 Kf8 27. h3 Qd7 28. Rac1 Nd3 29. R1c3 Ke7 30. h4 Nd6 31. R8c7 Nc5 32. R3xc5
Kd8 33. Rxd7+ Kxd7 34. h5 gxh5 35. Rxh5 g6 36. Rg5 b5 37. f4 a5 38. a4 Kc6 39.
g4 Kb6 40. Kf2 b4 41. Ke2 b3 42. Kd2 Ne4+ 43. Kc1 Nxg5 44. fxg5 e5 45. Kb2 Kc5
46. Kxb3 e4 47. Kc3 Kd5 48. Kd2 Kd4 49. Ke2 e3 50. Ke1 Ke4 51. Ke2 Kf4 52. Kd3
Kf3 53. Kc2 e2 54. Kd2 Kf2 55. Kc2 e1=Q 56. Kd3 Qb1+ 1/2-1/2

[Event "Summer Team Tournament 2020"]
[Site "Skype"]
[Date "????.??.??"]
[Round "5"]
[White "Couto, Januario"]
[Black "Legueltel, Daniel"]
[Result "1-0"]
[WhiteElo "1612"]
[BlackElo "1747"]
[PlyCount "55"]

1. e4 e5 2. Nf3 Nc6 3. Bb5 a6 4. Ba4 d6 5. h3 Bd7 6. c3 Nf6 7. O-O Be7 8. Bc2
d5 9. exd5 Nxd5 10. Re1 Bd6 11. d4 f6 12. dxe5 Nxe5 13. Nxe5 fxe5 14. Qxd5 Bc6
15. Qe6+ Qe7 16. Qxe7+ Kxe7 17. Bg5+ Kf7 18. Nd2 h6 19. Bh4 Rhe8 20. Ne4 g5 21.
Bg3 Rad8 22. Rad1 Re7 23. Rd3 Kg7 24. Rf3 Rf7 25. Rxf7+ Kxf7 26. h4 Be7 27.
hxg5 hxg5 28. Bxe5 1-0

[Event "Summer Team Tournament 2020"]
[Site "Skype"]
[Date "????.??.??"]
[Round "5"]
[White "Hurtado De Mendoza, Ramon Miguel"]
[Black "Ortiz, Vladimir"]
[Result "0-1"]
[WhiteElo "1549"]
[BlackElo "1553"]
[PlyCount "50"]

1. e4 c5 2. Nf3 d6 3. Nc3 Nf6 4. d4 cxd4 5. Nxd4 a6 6. Bd3 e5 7. Nf5 Bxf5 8.
exf5 Be7 9. f4 Nbd7 10. Qf3 Qc7 11. Bd2 Rb8 12. g4 h6 13. h4 Nc5 14. g5 Nxd3+
15. cxd3 hxg5 16. hxg5 Rxh1+ 17. Qxh1 Nd7 18. Rc1 Nc5 19. Ke2 Qd8 20. Nd5 a5
21. a3 a4 22. f6 gxf6 23. Qh8+ Kd7 24. Qh3+ Kc6 25. Nxe7+ Qxe7 0-1